Score 0/28 Timer 06:00
1 Play Today
% Correct
Gandalf
98.1%
Frodo Baggins
97.8%
C-3PO
96.9%
R2-D2
96.6%
Yoda
95.8%
Spock
95.7%
Chewbacca
95.3%
Optimus Prime
95%
Samwise Gamgee
92.9%
Legolas
90.9%
Gimli
90.7%
Bumblebee
90.3%
Pumbaa
90.1%
Ironhide
88.8%
% Correct
BB-8
88.6%
Sideswipe
87%
Hedwig
86.9%
Aslan
86.1%
Meriadoc Brandybuck
84.7%
Peregrin Took
84.5%
Abu
84.3%
Data
83.9%
Ratchet
82.3%
Worf
81.4%
Bagheera
78.6%
Mr. Tumnus
73.5%
Jazz
70.3%
Guinan
67.5%
Remove Ads.
Support Sporcle.
Get the best of Sporcle when you Go Orange. This ad-free experience offers more features, more stats, and more fun while also helping to support Sporcle. Thank you for becoming a member.

You're not logged in!

Compare scores with friends on all Sporcle quizzes.
OR
Log In

Show Comments

Extras

Top Quizzes Today


Score Distribution

Your Account Isn't Verified!

In order to create a playlist on Sporcle, you need to verify the email address you used during registration. Go to your Sporcle Settings to finish the process.

Report this User

Report this user for behavior that violates our Community Guidelines.

Details: